| 000 | 00318nam a22001337a 4500 | ||
|---|---|---|---|
| 999 |
_c15360 _d15360 |
||
| 020 | _a9788171306732 | ||
| 082 |
_a894.812 3 _bSIV/RA |
||
| 100 |
_aSivasankarapilla,Thakazhi _93042 |
||
| 245 | _aRandidangazhi | ||
| 260 |
_aKottayam _bD.C Books _c2017 |
||
| 300 | _a111 | ||
| 650 |
_aMalayalam Fiction _93040 |
||
| 942 | _cBK | ||